000 00586nam a22001577a 4500
003 OSt
005 20150907073857.0
008 150907b xxu||||| |||| 00| 0 eng d
040 _cRUA
082 _aAGR​ ទ្រី 1990 B001 Or.1
100 _9137
_aទ្រី ហុង
245 _aលក្ខណៈពិសេសក្នុងការដាំតាមរងនៃដំណាំពោតនិងសណ្ដែកនៅក្នុងលក្ខខ័ណ្ឌកម្ពុជា
260 _aPhnom Penh
_bRUA
_c1990
300 _a84p.
_bill.
_c29cm.
942 _2ddc
_cAGR
999 _c121
_d121